Zhongguo, Anhui / Anhui Province, China / Anhui Newsphoto Agency.

中國·安徽 / Anhui Province, China / Anhui Newsphoto Agency.
Uloženo v:
Podrobná bibliografie
Korporativní autor: Anhui Sheng xin wen tu pian she
Médium: Kniha
Jazyk:Chinese
English
Vydáno: [Hefei Shi : Anhui Sheng xin wen tu pian she, 1986].
Témata:
LEADER 01436cam a2200337 a 4500
001 c000396054
003 CARM
005 20140217104136.0
008 140217s1986 cc ab 000 0 chi d
019 1 |a 69793645  |5 LACONCORD2021 
035 |a (OCoLC)263687768  |5 LACONCORD2021 
040 |a TEF  |c TEF  |d VCAV 
041 0 |a chi  |a eng 
043 |a a-cc-an 
050 4 |a DS793.A6  |b Z46 1986 
082 0 4 |a 910.951225  |2 23 
245 0 0 |6 880-01  |a Zhongguo, Anhui /  |c Anhui Sheng xin wen tu pian she bian =  |b Anhui Province, China / Anhui Newsphoto Agency. 
246 3 1 |a Anhui Province, China 
260 |6 880-02  |a [Hefei Shi :  |b Anhui Sheng xin wen tu pian she,  |c 1986]. 
300 |a 1 v. (unpaged) :  |b col. ill., map ;  |c 19 cm. 
546 |a In Chinese and English. 
651 0 |a Anhui Sheng (China)  |x Description and travel. 
710 2 |6 880-04  |a Anhui Sheng xin wen tu pian she. 
880 0 0 |6 245-01  |a 中國·安徽 /  |c 安徽省新聞圖片社編 =  |b Anhui Province, China / Anhui Newsphoto Agency. 
880 |6 260-02  |a [合肥市 :  |b 安徽省新聞圖片社,  |c 1986]. 
880 2 |6 710-04  |a 安徽省新聞圖片社. 
852 8 |b CARM  |p 0557824  |f BK 
852 8 |b SCAN  |h A3:AE29G0  |i A05793  |p 0557824  |f BK 
999 f f |i 31ecda0f-4935-5f7c-a5c8-2c0f59a68a08  |s 81e79742-52d6-55fa-9048-7d32094aed48 
952 f f |p Can circulate  |a CAVAL  |b CAVAL  |c CAVAL  |d CARM 1 Store  |i book  |m 0557824 
952 f f |a CAVAL  |b CAVAL  |c CAVAL  |d Unmapped Location  |e A05793  |f A3:AE29G0  |h Other scheme